000 00571nam a2200193 i 4500
001 13464
003 ES-MaACL
005 20230906150603.0
007 t|
008 980414s1996 sp ||||1| spa d
020 _a84-8174-213-9
080 _a616.14
100 1 _aLeal Monedero, Javier.
_970978
245 1 0 _aInsuficiencia venosa crónica de la pelvis y de los miembros inferiores /
_cJ. Leal Monedero.
260 _aMadrid :
_bMosby,
_cD.L. 1996.
300 _aXIX, 169 p. :
_bil. ;
_c27 cm.
650 1 4 _aVarices.
_917737
852 _aES-MaACL
_jL-20839
_bR.125940
999 _c13464
_d13464